| 000 | 02026cam a22004215a 4500 | ||
|---|---|---|---|
| 003 | EG-ScBUE | ||
| 005 | 20220626125755.0 | ||
| 006 | m||||fq||h 00| 0 | ||
| 008 | 080806s2005 nyu f 000 0 eng d | ||
| 020 | _a0194302156 (Student book 2 with CD- Rom) | ||
| 020 | _a9780194302159 | ||
| 040 |
_aEG-ScBUE _beng _erda _cEG-ScBUE _dEG-ScBUE |
||
| 082 | 0 | 4 |
_a428.34 _bRIC _222 |
| 100 | 1 |
_aRichards, Jack C, _d1943- _eauthor. |
|
| 245 | 1 | 0 |
_aPerson to person : _bcommunicative speaking and listening skills. _n2, _pStudent book / _cJack C. Richards, David Bycina, Ingrid Wisniewska. |
| 246 | 3 | 0 | _aStudent book |
| 250 | _aThird edition. | ||
| 264 | 1 |
_aNew York ; _aOxford : _bOxford University Press, _c2005. |
|
| 300 |
_av, 124 pages : _billustrations (some color) ; _c28 cm + _e1 CD |
||
| 336 |
_2rdacontent _atext _btxt |
||
| 336 |
_2rdacontent _aspoken word _bspw |
||
| 337 |
_2rdamedia _aunmediated _bn |
||
| 337 |
_2rdamedia _aaudio _bs |
||
| 338 |
_2rdacarrier _avolume _bnc |
||
| 338 |
_2rdacarrier _ardamedia _bcd |
||
| 500 | _aDistributer: Bacca | ||
| 505 | 0 | _aStudent book 2 | |
| 520 | _a"Now your students can benefit from Jack C. Richards' successful approach with Person to Person Third Edition. Each unit is centered around dialogues, pair-work speaking practice, and audio material that presents English as it is really spoken." "It means that by the end of the course your students will be communicating more fluently in English, so they can...: Give opinions, Make requests, Complain politely, Get by abroad, Talk freely, Make friends. Book jacket." | ||
| 590 | _abasantemad | ||
| 650 | 7 |
_aEnglish language _vTextbooks for foreign speakers. _2BUEsh |
|
| 650 | 7 |
_aEnglish language _xSpoken English _vProblems, exercises, etc. _2BUEsh |
|
| 650 | 7 |
_aOral communication _vProblems, exercises, etc. _2BUEsh _910348 |
|
| 653 |
_cAugust2015 _bHHUUEENN |
||
| 655 |
_vReading book _934232 |
||
| 700 | 1 |
_aBycina, David, _eauthor. |
|
| 700 | 1 |
_aWisniewska, Ingrid, _eauthor. _935968 |
|
| 942 |
_cBB _k428.34RIC _2ddc |
||
| 999 |
_c9174 _d9174 |
||